01537nam a2200337 a 450000100100000000500170001000800410002704000250006804100390009308200190013210000290015124000390018024501340021926001100035330000210046350400530048450000350053753400620057265000330063465000380066765000410070565000380074665000260078470000290081070000400083971000420087904900090092195201230093095201290105399900170118200002513220250527113225.0110210s1973 mx r 000 0 spa d aDO-SdBNPbspacBNPHU17aspaheng2Código de idiomas MARC a658.406bB472d1 aBennis, Warren G.95152510aIn command of tomorrow.lEspañol10aDesarrollo organizacional: su naturaleza, sus origenes y perspectivas /cWarren G. Bennis ; versión en español de Angel Gaos. aMéxico, D. F. :bCentro Regional de Ayuda Técnica. Agencia para el Desarrollo Internacional ;,c1973. a104 p. ;c19 cm. aIncluye referencias bibliográficas : 95-100 p. a"Breve tratado de ecología". aTítulo de la obra en inglés :tIn command of tomorrow 4aCambio organizacional927674 0aAdministración industrial95872 4aComunicación organizacional913145 4aPlanificación industrial951526 4aOrganización9338991 aGaos, Angel,etr.9515271 aRivera, Olga Margarita,etr.9515242 aFondo Educativo Interamericano951528 aBNGR 001054708MOaGRbGRcCTd2011-02-10iLF1l0o658.406 B472dp25132-10r2020-06-25w2020-06-25y4ZPréstamo en sala 001054728MOaGRbGRcCTd2011-02-10iLF1l0o658.406 B472dp25132-20r2020-06-25te. 2w2020-06-25y4ZPréstamo en sala c24625d24625